Guía de Roma : ocho intinerarios para la visita de la ciudad

-д хадгалсан:
Номзүйн дэлгэрэнгүй
Формат: Ном
Нөхцлүүд:
Шошгууд: Шошго нэмэх
Шошго байхгүй, Энэхүү баримтыг шошголох эхний хүн болох!

MARC

LEADER 00000nam^a2200000^u^4500
001 000546316
005 20250521000000.0
008 060220s1000^^^^^^^^^^^^r^^^^^000^0^spa^d
009 20260310131406.859
035 |a FMI 000015902 
037 |a Acervo Xavier Clavigero 
096 |a 3.7/34/E 
245 0 0 |a Guía de Roma : ocho intinerarios para la visita de la ciudad 
264 |a Roma : U. Quintly, 1950 
300 |a 79 p. 
336 |a texto  |b txt  |2 rdacontenido 
337 |a sin mediación  |b n  |2 rdamedio 
338 |a volumen  |b nc  |2 rdasoporte 
597 |a A la cabeza de la portada : entre provinciale per il turismo di roma 
649 |a XX 
650 |a 1. Roma -- Descripciones y viajes \ 2. Geografía y turismo 
910 |a Fondo Francisco Migoya Covarrubias S.J. 
920 |a Impresos - Libros 
930 |a Fondos Especiales 
905 |a 134 
901 |a SBC23730  |b IT2  |c ESP  |u 20250521 
902 |a https://opac.biblio.iteso.mx/vufind/Record/000546316